000 00905nam a2200265Ia 4500
003 OSt
005 20220923211517.0
006 a|||||r|||| 00| 0
007 ta
008 220922b |||||||| |||| 00| 0 hin d
020 _a9789380441269 (hbk)
_c250
024 _a353,123
037 _bGV718, 09/03/2020, Vani Prakashan
_cTextual
040 _aARTS
_cARTS
_bhin
041 _2hin
_ahin
082 _aO152,6:g, Q4
100 _aशुक्ल, प्रयाग, संपा.
245 0 _aबदरी विशाल
246 _aBadarī vishāla
260 _aबीकानेर
_b वाग्देवी प्रकाशन
_c2014
300 _a151पृ.
_ccm.
650 _aहिन्दी निबंध
942 _hO152,6:g, Q4
_cTEXL
_2CC
999 _c300257
_d300257